000 00378nam a22001217a 4500
999 _c10180
_d10180
003 OSt
008 201218b ||||| |||| 00| 0 eng d
245 _aInternational Journal of Computer Engineering
250 _a2010(Jan-Jun Vol.2 No.1, Jul-Dec Vol.2 No.2)
260 _aGurgaon, Haryana
_bInternational Science Press
650 _aComputer Science Engineering
942 _2ddc
_cBV